Bilychmis (Record no. 5218)
[ view plain ]
| 000 -LEADER | |
|---|---|
| campo de control de longitud fija | 00328ntaaa2200145 4500 |
| 003 - IDENTIFICADOR DE NÚMERO DE CONTROL | |
| campo de control | 01 |
| 005 - FECHA Y HORA DE LA ÚLTIMA TRANSACCIÓN | |
| campo de control | 20251027201112.0 |
| 008 - DATOS DE LONGITUD FIJA--INFORMACIÓN GENERAL | |
| campo de control de longitud fija | 0714s1973 ag 01 |
| 040 ## - FUENTE DE CATALOGACIÓN | |
| Centro catalogador/agencia de origen | AR-BaBN |
| Lengua de catalogación | spa |
| Centro/agencia transcriptor | AR-BaBN |
| Normas de descripción | aacr |
| Centro/agencia modificador | RIC |
| 082 ## - NÚMERO DE LA CLASIFICACIÓN DECIMAL DEWEY | |
| Número de clasificación | 205.5 |
| 245 ## - MENCIÓN DEL TÍTULO | |
| Título | Bilychmis |
| 250 ## - MENCION DE EDICION | |
| Mención de edición | 1 ed., |
| -- | 1913/8 |
| 500 ## - NOTA GENERAL | |
| Nota general | Este es un numero de una revista |
| 942 ## - ELEMENTOS DE ENTRADA SECUNDARIOS (KOHA) | |
| Tipo de ítem Koha | Colección General |
| Estatus retirado | Estado de pérdida | Estado de daño | No para préstamo | Biblioteca de origen | Biblioteca actual | Fecha de adquisición | Número de inventario | Total de préstamos | Signatura topográfica completa | Código de barras | Visto por última vez | Precio de reemplazo | Tipo de ítem Koha |
|---|---|---|---|---|---|---|---|---|---|---|---|---|---|
| Biblioteca Pluis | Biblioteca Pluis | 27/10/2025 | 000676 | 205.5 | 000676 | 27/10/2025 | 27/10/2025 | Colección General | |||||
| Biblioteca Pluis | Biblioteca Pluis | 27/10/2025 | 000677 | 205.5 | 000677 | 27/10/2025 | 27/10/2025 | Colección General | |||||
| Biblioteca Pluis | Biblioteca Pluis | 27/10/2025 | 000678 | 205.5 | 000678 | 27/10/2025 | 27/10/2025 | Colección General | |||||
| Biblioteca Pluis | Biblioteca Pluis | 27/10/2025 | 000679 | 205.5 | 000679 | 27/10/2025 | 27/10/2025 | Colección General | |||||
| Biblioteca Pluis | Biblioteca Pluis | 27/10/2025 | 000680 | 205.5 | 000680 | 27/10/2025 | 27/10/2025 | Colección General | |||||
| Biblioteca Pluis | Biblioteca Pluis | 27/10/2025 | 000681 | 205.5 | 000681 | 27/10/2025 | 27/10/2025 | Colección General | |||||
| Biblioteca Pluis | Biblioteca Pluis | 27/10/2025 | 000682 | 205.5 | 000682 | 27/10/2025 | 27/10/2025 | Colección General | |||||
| Biblioteca Pluis | Biblioteca Pluis | 27/10/2025 | 000683 | 205.5 | 000683 | 27/10/2025 | 27/10/2025 | Colección General | |||||
| Biblioteca Pluis | Biblioteca Pluis | 27/10/2025 | 000684 | 205.5 | 000684 | 27/10/2025 | 27/10/2025 | Colección General | |||||
| Biblioteca Pluis | Biblioteca Pluis | 27/10/2025 | 000675 | 205.5 | 000675 | 27/10/2025 | 27/10/2025 | Colección General |
